000 01062nam a22003257a 4500
003 CHAP
005 20220329135131.0
008 971013s1949 r 00010 d
010 _a31458
011 _a32430
035 _a36545
040 _cCHAP
082 _a581.11
_bC73w
100 0 0 _aCrafts, Alden Springer.
_928801
245 _aWater in the physiology of plants
260 _aWaltham :
_bChronica Botanica,
_c1949
300 _a240 p.
_b: ilus.
590 _aBATCH-UPD
_b10
_c20130110
_lUCH01
_h1440
590 _aBATCH-UPD
_b10
_c20130410
_lUCH01
_h0912
590 _aBATCH-UPD
_b10
_c20130914
_lUCH01
_h1854
590 _aCONVERSION
_b10
_c20130109
_lUCH01
_h1318
650 1 4 _aOsmosis.
_984198
650 1 4 _aPlantas
_xAbsorción de agua.
_988789
650 1 4 _aPlantas
_xMovimiento de líquidos en las.
_988862
650 1 4 _aPlantas
_xTranspiración.
_988892
901 _aBK
942 _cLIBRO
949 _a581.11 C73w
_bBC
_cLIBRO
_d33724000521753
_eLIBRO
_h9281
_i36545
_si
949 _a581.11 C73w
_bBC
_cLIBRO
_d33724000521761
_eLIBRO
_fc.2
_h9282
_i36545
_si
999 _c31458
_d31458